<?xml version="1.0" encoding="UTF-8"?>
<record
    xmlns:xsi="http://www.w3.org/2001/XMLSchema-instance"
    xsi:schemaLocation="http://www.loc.gov/MARC21/slim http://www.loc.gov/standards/marcxml/schema/MARC21slim.xsd"
    xmlns="http://www.loc.gov/MARC21/slim">

  <leader>00517nam a22001337a 4500</leader>
  <datafield tag="999" ind1=" " ind2=" ">
    <subfield code="c">17711</subfield>
    <subfield code="d">17711</subfield>
  </datafield>
  <controlfield tag="008">190528b        xxu||||| |||| 00| 0 eng d</controlfield>
  <datafield tag="040" ind1=" " ind2=" ">
    <subfield code="a">KABU</subfield>
    <subfield code="c">KABU</subfield>
  </datafield>
  <datafield tag="050" ind1=" " ind2=" ">
    <subfield code="a">HG1343</subfield>
    <subfield code="b">.K46H57 2016 c. 1</subfield>
  </datafield>
  <datafield tag="245" ind1=" " ind2=" ">
    <subfield code="a">History and development of money in Kenya</subfield>
    <subfield code="c">the growth of currency over the years from the use of portable and divisible trade goods, to cowrieshells and now the shilling</subfield>
  </datafield>
  <datafield tag="260" ind1=" " ind2=" ">
    <subfield code="a">Kenya</subfield>
    <subfield code="b">Central Bank of Kenya</subfield>
    <subfield code="c">2016</subfield>
  </datafield>
  <datafield tag="300" ind1=" " ind2=" ">
    <subfield code="a">149 p.</subfield>
  </datafield>
  <datafield tag="650" ind1=" " ind2=" ">
    <subfield code="a">Money</subfield>
    <subfield code="x">History</subfield>
    <subfield code="z">Kenya</subfield>
  </datafield>
  <datafield tag="942" ind1=" " ind2=" ">
    <subfield code="2">lcc</subfield>
    <subfield code="c">AFRI</subfield>
    <subfield code="h">HG1343</subfield>
  </datafield>
  <datafield tag="952" ind1=" " ind2=" ">
    <subfield code="0">0</subfield>
    <subfield code="1">0</subfield>
    <subfield code="2">lcc</subfield>
    <subfield code="7">0</subfield>
    <subfield code="a">KABU</subfield>
    <subfield code="b">KABU</subfield>
    <subfield code="d">2019-05-28</subfield>
    <subfield code="l">0</subfield>
    <subfield code="o">HG1343 .K46H57 2016 c. 1</subfield>
    <subfield code="p">023196</subfield>
    <subfield code="r">2019-05-28 00:00:00</subfield>
    <subfield code="t">c. 1</subfield>
    <subfield code="w">2019-05-28</subfield>
    <subfield code="y">AFRI</subfield>
  </datafield>
  <datafield tag="952" ind1=" " ind2=" ">
    <subfield code="0">0</subfield>
    <subfield code="1">0</subfield>
    <subfield code="2">lcc</subfield>
    <subfield code="7">0</subfield>
    <subfield code="a">KABU</subfield>
    <subfield code="b">KABU</subfield>
    <subfield code="d">2019-05-28</subfield>
    <subfield code="l">0</subfield>
    <subfield code="o">HG1343 .K46H57 2016 c. 2</subfield>
    <subfield code="p">023197</subfield>
    <subfield code="r">2019-05-28 00:00:00</subfield>
    <subfield code="t">c. 2</subfield>
    <subfield code="w">2019-05-28</subfield>
    <subfield code="y">BK</subfield>
  </datafield>
  <datafield tag="952" ind1=" " ind2=" ">
    <subfield code="0">0</subfield>
    <subfield code="1">0</subfield>
    <subfield code="2">lcc</subfield>
    <subfield code="7">0</subfield>
    <subfield code="a">KNTC</subfield>
    <subfield code="b">KNTC</subfield>
    <subfield code="d">2019-05-28</subfield>
    <subfield code="l">0</subfield>
    <subfield code="o">HG1343 .K46H57 2016 c. 1</subfield>
    <subfield code="p">023198</subfield>
    <subfield code="r">2019-05-28 00:00:00</subfield>
    <subfield code="t">c. 1</subfield>
    <subfield code="w">2019-05-28</subfield>
    <subfield code="y">BK</subfield>
  </datafield>
</record>
